000 01129cam a22003494a 4500
999 _c9800
_d9800
001 9800
003 BD-JhCC
005 20180401105257.0
008 180401s2002 stka b 001 0 eng
020 _a0443070350
020 _a0443070369 (international ed.)
020 _a044307111X (hardback ed.)
035 _a(DNLM)101152283
_a(BD-JhCC)9800
040 _aDNLM/DLC
_cDLC
_dDLC
_dBD-JhCC
041 _aeng
050 0 0 _aRC46
_b.D24 2002
060 1 0 _aWB 100
_bD253 2002
082 0 0 _a616
_221
_bDAV 2002
245 0 0 _aDavidson's principles and practice of medicine /
_cStanley Davidson, C. Haslett,
246 3 0 _aPrinciples and practice of medicine
250 _a19th ed. /
260 _aEdinburgh ;
_aNew York :
_bChurchill Livingstone,
_cc2002.
300 _axxii, 1274 p. :
_bill. (chiefly col.) ;
_c27 cm.
500 _a"50th anniversary ed."--Front cover.
504 _aIncludes bibliographical references and index.
650 0 _aInternal medicine.
650 1 2 _aMedicine.
700 1 _aDavidson, Stanley,
_cSir,
_d1894-1981.
700 1 _aHaslett, C.
_q(Christopher)
942 _2ddc
_cBK